[Event "ROM-ch U12"]
[Site "Calimanesti Caciulata"]
[Date "2019.04.18"]
[Round "5"]
[White "Bogdan, Raul Gabriel"]
[Black "Soare, Andrei"]
[Result "0-1"]
[WhiteElo "1001"]
[BlackElo "1138"]
[PlyCount "62"]
[EventDate "2019.04.15"]
[EventType "swiss"]
[EventRounds "9"]
[EventCountry "ROU"]
[SourceTitle "CBM 190 Extra"]
[Source "ChessBase"]
[SourceDate "2019.07.15"]
[SourceVersion "1"]
[SourceVersionDate "2019.07.15"]
[SourceQuality "1"]

1. e4 e5 2. Nf3 Nf6 3. Nc3 Nc6 4. Bc4 Bc5 5. d3 h6 6. 0-0 d6 7. h3 0-0 8. Nh4 Be6 9. Bxe6 fxe6 10. Qf3 d5 11. Rd1 Be7 12. Ng6 Re8 13. Nxe7+ Rxe7 14. Qg3 d4 15. Ne2 Qd6 16. Bxh6 Nb4 17. Qg5 Rf8 18. Rd2 Nh7 19. Qg3 Ref7 20. a3 Nc6 21. Rf1 Nf6 22. f4 Nh5 23. Qg5 Nxf4 24. g3 Nxe2+ 25. Rxe2 Rxf1+ 26. Kg2 R1f7 27. b4 Qe7 28. Qg4 Qf6 29. Bg5 Qf1+ 30. Kh2 Rf2+ 31. Rxf2 Rxf2# 0-1

[Event "ROM-ch U12"]
[Site "Calimanesti"]
[Date "2018.04.03"]
[Round "9"]
[White "Cotetiu, David Alexandru"]
[Black "Bogdan, Raul Gabriel"]
[Result "0-1"]
[WhiteElo "1001"]
[BlackElo "1001"]
[PlyCount "56"]
[EventDate "2018.03.27"]
[EventType "swiss"]
[EventRounds "9"]
[EventCountry "ROU"]
[SourceTitle "CBM 183 Extra"]
[Source "ChessBase"]
[SourceDate "2018.04.19"]
[SourceVersion "1"]
[SourceVersionDate "2018.04.19"]
[SourceQuality "1"]

1. e4 e5 2. Nf3 Nc6 3. Nc3 Bc5 4. Bc4 Qe7 5. 0-0 Qf6 6. Nd5 Qd6 7. Ng5 Nh6 8. b3 0-0 9. Bb2 Qg6 10. Nxc7 Rb8 11. Nh3 d6 12. Qf3 Nd4 13. Bxd4 Bxd4 14. c3 Bb6 15. Nd5 Bd8 16. d4 b5 17. Bd3 Rb7 18. a4 f5 19. exf5 Nxf5 20. Bxf5 Bxf5 21. Nf6+ Bxf6 22. Qxb7 Bxh3 23. axb5 e4 24. g3 Qg4 25. f3 exf3 26. Qxf3 Bxd4+ 27. Kh1 Rxf3 28. Rxf3 Qxf3# 0-1

[Event "ROM-ch U12"]
[Site "Calimanesti"]
[Date "2018.04.02"]
[Round "8"]
[White "Bogdan, Raul Gabriel"]
[Black "Udrea, Hristofor"]
[Result "0-1"]
[WhiteElo "1001"]
[BlackElo "1124"]
[PlyCount "84"]
[EventDate "2018.03.27"]
[EventType "swiss"]
[EventRounds "9"]
[EventCountry "ROU"]
[SourceTitle "CBM 183 Extra"]
[Source "ChessBase"]
[SourceDate "2018.04.19"]
[SourceVersion "1"]
[SourceVersionDate "2018.04.19"]
[SourceQuality "1"]

1. d4 d5 2. c4 e6 3. Nf3 Bd6 4. c5 Be7 5. Bf4 Nf6 6. e3 b6 7. b4 a5 8. bxa5 bxc5 9. Ne5 Bd7 10. Bd3 cxd4 11. exd4 Bb4+ 12. Nd2 Nc6 13. 0-0 Nxd4 14. a3 Bxd2 15. Qxd2 Nb3 16. Qe3 Nxa1 17. Rxa1 0-0 18. Qg3 h6 19. Bxh6 Nh5 20. Qg4 Qf6 21. Bxg7 Nxg7 22. Qh3 Nf5 23. Re1 Qh4 24. Re3 Qxh3 25. Rxh3 Ba4 26. g4 Nd4 27. Bh7+ Kg7 28. g5 Bc2 29. Bxc2 Nxc2 30. f4 f6 31. gxf6+ Rxf6 32. Rg3+ Kh7 33. Nd7 Rxf4 34. Rh3+ Kg6 35. Ne5+ Kf5 36. Rh5+ Ke4 37. Kg2 Rxa5 38. Ng6 Rg4+ 39. Kf2 Rxg6 40. Rh4+ Kd3 41. Rh3+ Kd2 42. Re3 Nxe3 0-1

[Event "ROM-ch U12"]
[Site "Calimanesti"]
[Date "2018.03.29"]
[Round "4"]
[White "Ghigea, Andrei Serban"]
[Black "Bogdan, Raul Gabriel"]
[Result "1-0"]
[WhiteElo "1001"]
[BlackElo "1001"]
[PlyCount "67"]
[EventDate "2018.03.27"]
[EventType "swiss"]
[EventRounds "9"]
[EventCountry "ROU"]
[SourceTitle "CBM 183 Extra"]
[Source "ChessBase"]
[SourceDate "2018.04.19"]
[SourceVersion "1"]
[SourceVersionDate "2018.04.19"]
[SourceQuality "1"]

1. e4 e5 2. Nc3 Nf6 3. Nf3 Nc6 4. Bb5 Bc5 5. Bxc6 dxc6 6. d3 Qe7 7. Bg5 Bxf2+ 8. Kxf2 Ng4+ 9. Kg3 Qc5 10. Rf1 f6 11. Bd2 h6 12. Qe2 Qd6 13. h3 Qe6 14. hxg4 Qxg4+ 15. Kf2 Qh5 16. Rh1 Qg4 17. Nh4 Qd7 18. Qh5+ Ke7 19. Ng6+ Kd8 20. Nxh8 Qd4+ 21. Be3 Qb4 22. Nf7+ Ke7 23. Nxe5 fxe5 24. Qxe5+ Be6 25. Bc5+ Qxc5+ 26. Qxc5+ Kf7 27. Raf1 Ke8 28. Rh5 Rd8 29. Re5 b6 30. Rxe6+ Kf7 31. Qe7+ Kg8 32. Rg6 Rd7 33. Rxg7+ Kh8 34. Qf8# 1-0

[Event "ROM-ch U08"]
[Site "Calimanesti Caciulata"]
[Date "2016.04.21"]
[Round "4"]
[White "Bogdan, Raul Gabriel"]
[Black "Costan, Rares Cristian"]
[Result "0-1"]
[WhiteElo "1001"]
[BlackElo "1050"]
[PlyCount "80"]
[EventDate "2016.04.18"]
[EventType "swiss"]
[EventRounds "9"]
[EventCountry "ROU"]
[SourceTitle "CBM 172 Extra"]
[Source "ChessBase"]
[SourceDate "2016.06.21"]
[SourceVersion "1"]
[SourceVersionDate "2016.06.21"]
[SourceQuality "1"]

1. e4 e5 2. Nf3 Nc6 3. Bc4 Nd4 4. Nxe5 Qg5 5. Bxf7+ Kd8 6. Nc3 Qxe5 7. d3 Nf6 8. Bc4 d6 9. 0-0 Qe8 10. Be3 Nc6 11. Qf3 Bd7 12. Qg3 Rg8 13. Qg5 Be6 14. Bb5 Be7 15. Ba4 h6 16. Qb5 a6 17. Qxb7 Rc8 18. Bxc6 Bd7 19. Bd5 Qg6 20. e5 Bh3 21. Bb6 Nxd5 22. g3 Nxb6 23. Rfe1 Re8 24. Qc6 Bd7 25. Qb7 Qe6 26. Re4 dxe5 27. Qxa6 Bd6 28. Re3 Nd5 29. Rf3 Nxc3 30. bxc3 Qd5 31. Kg2 Bc6 32. Kf1 Qxf3 33. Rb1 Qh1+ 34. Ke2 Qxb1 35. Qxc6 Qb6 36. Qf3 Rf8 37. Qg4 Qxf2+ 38. Kd1 Qf1+ 39. Kd2 Rf2+ 40. Qe2 Rxe2# 0-1

[Event "ROM-ch U08"]
[Site "Calimanesti Caciulata"]
[Date "2016.04.18"]
[Round "1"]
[White "Anghelus, Alexandru Mihai"]
[Black "Bogdan, Raul Gabriel"]
[Result "1-0"]
[WhiteElo "1203"]
[BlackElo "1001"]
[PlyCount "41"]
[EventDate "2016.04.18"]
[EventType "swiss"]
[EventRounds "9"]
[EventCountry "ROU"]
[SourceTitle "CBM 172 Extra"]
[Source "ChessBase"]
[SourceDate "2016.06.21"]
[SourceVersion "1"]
[SourceVersionDate "2016.06.21"]
[SourceQuality "1"]

1. e4 e5 2. Nf3 Nc6 3. Bc4 Bc5 4. Nc3 Nf6 5. h3 0-0 6. 0-0 d6 7. Qe2 Nh5 8. d3 Qf6 9. a3 Qg6 10. Nh4 Qf6 11. Qxh5 g6 12. Qh6 g5 13. Qxf6 Re8 14. Bxf7+ Kf8 15. Bxe8+ Kxe8 16. Bxg5 d5 17. Nxd5 h6 18. Nxc7+ Kd7 19. Qf7+ Kd6 20. Nxa8 Be6 21. Qc7# 1-0